000 00581cab a2200229 4500
001 X2679
008 090401t1991 xxu||||| |||| 00| 0 eng d
035 _a(Sirsi) u25765
041 _aeng
100 _aNicholson, D.
245 _aProfit sharing mortgages
260 _c1991
350 _a0
490 _aJournal of Property Finance
_v2(1) Summer 1991, 87-90(3)
650 _aMORTGAGES
650 _aPRECEDENT
650 _aPROFIT SHARING MORTGAGES
690 _aPROPERTY-PROPERTY FINANCE AND INVESTMENT
700 _aMiller, S.
942 _n0
948 _c04/03/1997
999 _c17316
_d17316